Più grandi città della Toscana - Statistics

Statistiche generali
  • Questo quiz è stato fatto 464 volte
  • Il punteggio medio è 9 su 10
Statistiche sulle risposte
Popolazione Città % Corretto
382.808 ⭐️ Firenze
100%
89.158 ⭐️ Pisa
97%
159.219 ⭐️ Livorno
96%
191.150 ⭐️ Prato
90%
99.543 ⭐️ Arezzo
89%
89.046 ⭐️ Lucca
89%
82.087 ⭐️ Grosseto
87%
69.479 ⭐️ Massa
86%
90.315 ⭐️ Pistoia
86%
63.133 Carrara
73%
Nessun quiz corrispondente trovato
Distribuzione punteggi
Percentuale di utenti per punteggio
Percentile per numero di risposta
I tuoi punteggi nel tempo
Non hai fatto questo quiz